Groupes de l'Euro 2020 - Statistiques

Statistiques générales
  • Ce quiz a été pris 180 fois
  • Le résultat moyen est 22 sur 24
Statistiques - réponses
Group Réponse % Correct
Groupe F France
99%
Groupe F Allemagne
97%
Groupe E Espagne
97%
Groupe F Portugal
97%
Groupe A Suisse
97%
Groupe A Italie
96%
Groupe D Angleterre
93%
Groupe E Suède
93%
Groupe F Hongrie
92%
Groupe C Pays-Bas
92%
Groupe D Croatie
91%
Groupe C Ukraine
91%
Groupe C Autriche
90%
Groupe B Belgique
90%
Groupe E Pologne
90%
Groupe B Russie
90%
Groupe B Danemark
89%
Groupe B Finlande
87%
Groupe A Pays de Galles
86%
Groupe D Ecosse
85%
Groupe D République tchèque
83%
Groupe E Slovaquie
83%
Groupe A Turquie
83%
Groupe C Macédoine du Nord
69%
Aucun quiz correspondant
Distribution des résultats
% des personnes avec chaque résultat
Percentile par nombre de réponses
Votre historique - résultats
Vous n’avez pas pris ce quiz